Reverse Dictionary #3 - Statistics

General Stats
  • This quiz has been taken 146 times
  • The average score is 18 of 25
Answer Stats
Definition First Letter Word % Correct
A food made primarily of a mixture of raw or cold ingredients, typically vegetables, usually served with a dressing such as vinegar or mayonnaise. S Salad
94%
To rest on one's bent knees, sometimes only one; to move to such a position. K Kneel
93%
A member of a Christian religious community of women who live by certain vows and usually wear a habit. N Nun
93%
The meat from a cow, bull, or other bovine. B Beef
92%
To inhale a larger quantity of air than usual, and immediately expel it; to make a deep single audible respiration, especially as the result or involuntary expression of fatigue, exhaustion, grief, sorrow, frustration, or the like. S Sigh
92%
A person (of either sex) entering the first year of an institution, especially a high school, a university, or legislative body. F Freshman
89%
The spirit or essence of a person usually thought to consist of one's thoughts and personality, often believed to live on after the person's death. S Soul
89%
The quality of being amusing, comical, funny. H Humor
86%
Sour, sharp, or biting to the taste; tart; having the taste of vinegar. A Acid
84%
The food and beverage a person or animal consumes. D Diet
79%
To feed on; to eat (growing herbage); to eat grass from (a pasture). G Graze
79%
To decline (a request or demand). R Refuse
72%
A grinding apparatus for substances such as grains, seeds, etc. M Mill
71%
Something, such as a monument, by which someone or something is remembered. M Memorial
70%
Reason or intelligence; ability to grasp the full meaning of knowledge; ability to infer. U Understanding
67%
Given to action; constantly engaged in action; energetic; diligent; busy. A Active
62%
(politics) The chief executive officer of a first-level division of a country. G Governor
62%
An indefinite amount of something. Q Quantity
62%
A starting point, base or foundation for an argument or hypothesis. B Basis
60%
Advancement or growth; a bettering. I Improvement
60%
To increase in extent. E Extend
53%
A handicap that holds something back, a drawback, someone or something that is a burden to whoever is required to take care of them; an individual or action that exposes others to greater risk. L Liability
52%
Not aware or informed; lacking knowledge. U Unaware
49%
A [military] formation, usually made up of two or three brigades. D Division
43%
Tending to permit, allow, understand, or accept something T Tolerant
23%
No matching quizzes found
Score Distribution
Percent of People with Each Score
Percentile by Number Answered
Your Score History
You have not taken this quiz